<?xml version="1.0" encoding="UTF-8"?>
<collection xmlns="http://www.loc.gov/MARC21/slim">
 <record>
  <leader>01647nam a22001697a 4500</leader>
  <controlfield tag="001">NCT_4_025700</controlfield>
  <controlfield tag="008">250827b        xxu||||| |||| 00| 0 vie d</controlfield>
  <datafield tag="999" ind1=" " ind2=" ">
   <subfield code="c">9270</subfield>
   <subfield code="d">9270</subfield>
  </datafield>
  <datafield tag="082" ind1="0" ind2="4">
   <subfield code="2">23rd ed.</subfield>
   <subfield code="a">959.7</subfield>
   <subfield code="b">T550H</subfield>
  </datafield>
  <datafield tag="245" ind1="0" ind2="0">
   <subfield code="a">Tự hào 80 mùa thu độc lập :</subfield>
   <subfield code="b">Thông tin chuyên đề</subfield>
   <subfield code="c">Thư viện Thành phố Cần Thơ</subfield>
  </datafield>
  <datafield tag="260" ind1=" " ind2=" ">
   <subfield code="a">Cần Thơ</subfield>
   <subfield code="b">Thư viện thành phố Cần Thơ </subfield>
   <subfield code="c">2025</subfield>
  </datafield>
  <datafield tag="300" ind1=" " ind2=" ">
   <subfield code="a">210 tr. </subfield>
   <subfield code="b">Minh họa</subfield>
   <subfield code="c">29 cm </subfield>
  </datafield>
  <datafield tag="520" ind1=" " ind2=" ">
   <subfield code="a">Tập thông tin gồm những tư liệu chính thống được sưu tầm, chọn lọc và sắp xếp thành 4 phần chủ yếu sau:  Phần I: Bối cảnh lịch sử, diễn biến của Cách mạng Tháng Tám và sự ra đời nước Việt Nam dân chủ cộng hòa ngày 02/9/1945 (nay là nước Cộng hòa xã hội chủ nghĩa Việt Nam). Phần II: Ý nghĩa lịch sử, bài học kinh nghiệm của Cách mạng Tháng Tám 1945 và tầm vóc thời đại của sự kiện thành lập nước Việt Nam dân chủ cộng hòa ngày 02/9/1945 (nay là nước Cộng hòa xã hội chủ nghĩa Việt Nam). Phần III: Một số hồi ức của nhân chứng lịch sử. Phần IV: Việt Nam sau 80 năm thành lập nước.</subfield>
  </datafield>
  <datafield tag="653" ind1=" " ind2=" ">
   <subfield code="a">Kinh tế chính trị </subfield>
  </datafield>
  <datafield tag="942" ind1=" " ind2=" ">
   <subfield code="2">ddc</subfield>
   <subfield code="c">BK</subfield>
  </datafield>
  <datafield tag="952" ind1=" " ind2=" ">
   <subfield code="0">0</subfield>
   <subfield code="1">0</subfield>
   <subfield code="2">ddc</subfield>
   <subfield code="4">0</subfield>
   <subfield code="6">959_700000000000000_T550H</subfield>
   <subfield code="7">0</subfield>
   <subfield code="9">31318</subfield>
   <subfield code="a">000001</subfield>
   <subfield code="b">000001</subfield>
   <subfield code="d">2025-08-27</subfield>
   <subfield code="o">959.7 T550H</subfield>
   <subfield code="p">MD.22408</subfield>
   <subfield code="r">2025-08-27</subfield>
   <subfield code="w">2025-08-27</subfield>
   <subfield code="y">BK</subfield>
  </datafield>
  <datafield tag="980" ind1=" " ind2=" ">
   <subfield code="a">Thư viện Trường Đại học Nam Cần Thơ</subfield>
  </datafield>
 </record>
</collection>
